MARC details
| 000 -LEADER |
| campo de control de longitud fija |
01308nam a2200349 i 4500 |
| 001 - NÚMERO DE CONTROL |
| campo de control |
MOR01000105104 |
| 003 - IDENTIFICADOR DE NÚMERO DE CONTROL |
| campo de control |
$$amxdfmo |
| 005 - FECHA Y HORA DE LA ÚLTIMA TRANSACCIÓN |
| campo de control |
20260331230820.0 |
| 008 - DATOS DE LONGITUD FIJA--INFORMACIÓN GENERAL |
| campo de control de longitud fija |
171002s1947 sp abcog 000 0 spa d |
| 035 ## - NÚMERO DE CONTROL DEL SISTEMA |
| Número de control de sistema |
171334 |
| 040 ## - FUENTE DE CATALOGACIÓN |
| Centro catalogador/agencia de origen |
mxcmmo |
| Lengua de catalogación |
spa |
| Centro/agencia transcriptor |
mxcmmo |
| Normas de descripción |
rda |
| 041 0# - CÓDIGO DE IDIOMA |
| Código de lengua del texto/banda sonora o título independiente |
spa |
| 043 ## - CÓDIGO DE ÁREA GEOGRÁFICA |
| Código de área geográfica |
n-mx--- |
| 045 ## - PERIODO DE TIEMPO DEL CONTENIDO |
| Código de periodo de tiempo |
x4x4 |
| 082 04 - NÚMERO DE LA CLASIFICACIÓN DECIMAL DEWEY |
| Número de clasificación |
946.41 |
| Número de ítem |
ASA.p |
| 111 2# - ENTRADA PRINCIPAL--NOMBRE DE CONGRESO/REUNIÓN |
| Nombre de congreso/reunión o jurisdicción como elemento de entrada |
Asamblea Cervantina de la Lengua Española |
| Fecha del congreso o de la firma del tratado |
(1947 : |
| Sede del congreso/Lugar de la reunión |
Madrid, España |
| 9 (RLIN) |
187406 |
| 245 10 - MENCIÓN DEL TÍTULO |
| Título |
Primer periódo de sesiones de la Asamblea Cervantina de la Lengua Española |
| Resto del título |
: Madrid, 2 a 9 de octubre 1947 : programa |
| 264 #1 - PRODUCCIÓN, PUBLICACIÓN, DISTRIBUCIÓN, FABRICACIÓN Y COPYRIGHT |
| Producción, publicación, distribución, fabricación y copyright |
[Madrid?]: |
| Nombre del de productor, editor, distribuidor, fabricante |
[Editor no identificado], |
| Fecha de producción, publicación, distribución, fabricación o copyright |
[1947?] |
| 300 ## - DESCRIPCIÓN FÍSICA |
| Extensión |
[28] páginas: |
| Otras características físicas |
ilustraciones, mapas (algunos a color), retratos, fotografías en blanco y negro; |
| Dimensiones |
33 cm |
| 336 ## - TIPO DE CONTENIDO |
| Término de tipo de contenido |
texto |
| Código de tipo de contenido |
txt |
| Fuente |
rdacontent |
| 337 ## - TIPO DE MEDIO |
| Nombre/término del tipo de medio |
sin medio |
| Código del tipo de medio |
n |
| Fuente |
rdamedia |
| 338 ## - TIPO DE SOPORTE |
| Nombre/término del tipo de soporte |
volumen |
| Código del tipo de soporte |
nc |
| Fuente |
rdacarrier |
| 561 0# - PROPIEDAD E HISTORIA DE CUSTODIA/NOTA DE PROCEDENCIA |
| Historial |
Fondo Miguel Castro Ruiz |
| 651 #7 - PUNTO DE ACCESO ADICIONAL DE MATERIA--NOMBRE GEOGRÁFICO |
| Nombre geográfico |
Madrid (España) |
| Subdivisión general |
Descripción y viajes |
| Subdivisión cronológica |
1939-1975 |
| Subdivisión general |
Grabados, ilustraciones, etc |
| 9 (RLIN) |
187407 |
| 900 ## - ELEMENTOS DE DATOS A LOCAL, LDA (RLIN) |
| Nombre de persona |
CATY |
| Numeración |
30 |
| Títulos y otros términos asociados al nombre |
20171130 |
| Lenguaje de la obra |
MOR01 |
| -- |
1229 |
| 900 ## - ELEMENTOS DE DATOS A LOCAL, LDA (RLIN) |
| Nombre de persona |
KLASY |
| Numeración |
30 |
| Títulos y otros términos asociados al nombre |
20171213 |
| Lenguaje de la obra |
MOR01 |
| -- |
1006 |
| 900 ## - ELEMENTOS DE DATOS A LOCAL, LDA (RLIN) |
| Nombre de persona |
LUIS |
| Numeración |
20 |
| Títulos y otros términos asociados al nombre |
20171002 |
| Lenguaje de la obra |
MOR01 |
| -- |
1338 |
| 900 ## - ELEMENTOS DE DATOS A LOCAL, LDA (RLIN) |
| Nombre de persona |
LUIS |
| Numeración |
20 |
| Títulos y otros términos asociados al nombre |
20171002 |
| Lenguaje de la obra |
MOR01 |
| -- |
1338 |
| 900 ## - ELEMENTOS DE DATOS A LOCAL, LDA (RLIN) |
| Nombre de persona |
VOBO |
| Numeración |
40 |
| Títulos y otros términos asociados al nombre |
20180925 |
| Lenguaje de la obra |
MOR01 |
| -- |
1217 |
| 904 ## - ELEMENTOS DE DATOS D LOCAL, LDD (RLIN) |
| a |
UPDATE |
| 942 ## - ELEMENTOS DE ENTRADA SECUNDARIOS (KOHA) |
| Código de la institución [OBSOLETO] |
BK |
| 901 ## - ELEMENTOS DE DATOS A LOCAL LDA (RLIN) |
| a |
batch batch |